00521nam a2200109Ia 4500008004100000050002500041100003000066245019400096260008600290300002000376521001500396140724s9999 xx 000 0 und d aBT 736.4b.M332 2013 aAycardo, Jenny Jane Ma A. aLevels of positive and negative indicators of sibling relationship among selected college freshmen of Southville International School and Colleges AY 2011-2012 /cJenny Jane A. Ma. Aycardo. aLas Piñas, Philippines :bSouthville International School and Colleges,cc2013. a43 p. :c28 cm. aPsychology